Prognosis of salinity and alkalinity. (Record no. 26313)
[ view plain ]
| 000 -LEADER | |
|---|---|
| fixed length control field | 00464 a2200217 4500 |
| 020 ## - NUMERO INTERNATIONAL NORMALISE DES LIVRES | |
| International Standard Book Number | 92-5-100079-4 |
| 130 ## - VEDETTE PRINCIPALE - TITRE UNIFORME | |
| Language of a work | En. |
| 260 ## - PUBLICATION, DISTRIBUTION, ETC. (IMPRINT) | |
| Place of publication, distribution, etc | Rome. |
| 260 ## - PUBLICATION, DISTRIBUTION, ETC. (IMPRINT) | |
| Name of publisher, distributor, etc | FAO. |
| 245 ## - TITLE STATEMENT | |
| Title | Prognosis of salinity and alkalinity. |
| 260 ## - PUBLICATION, DISTRIBUTION, ETC. (IMPRINT) | |
| Date of publication, distribution, etc | 1976 |
| 300 ## - PHYSICAL DESCRIPTION | |
| Extent | IV-268p. |
| 440 ## - SERIES STATEMENT/ADDED ENTRY--TITLE | |
| Number of part/section of a work | 31 |
| 440 ## - SERIES STATEMENT/ADDED ENTRY--TITLE | |
| Title | Soils Bulletin. |
| 711 ## - ADDED ENTRY--MEETING NAME | |
| Date of meeting | 3-6 June 1975. |
| 711 ## - ADDED ENTRY--MEETING NAME | |
| Location of meeting | Rome. |
| 710 ## - ADDED ENTRY--CORPORATE NAME | |
| Corporate name or jurisdiction name as entry element | FAO. |
| 711 ## - ADDED ENTRY--MEETING NAME | |
| Meeting name or jurisdiction name as entry element | Report of an expert consultation. |
| Withdrawn status | Lost status | Damaged status | Not for loan | Location (home branch) | Sublocation or collection (holding branch) | Date acquired | Koha issues (times borrowed) | Koha full call number | Koha date last seen | Copy number | Price effective from | Koha item type | Public note |
|---|---|---|---|---|---|---|---|---|---|---|---|---|---|
| Bibliothèque-Centre de Documentation de la Faculté des Sciences Agronomiques | Bibliothèque-Centre de Documentation de la Faculté des Sciences Agronomiques | PV.1976.015 | 28/02/2009 | 1 | 28/02/2009 | Livre | 1.0767 |